[Event "POL-ch"]
[Site "Warsaw"]
[Date "2018.05.18"]
[Round "7"]
[White "Mista, Aleksander"]
[Black "Wojtaszek, Radoslaw"]
[Result "1-0"]
[WhiteElo "2590"]
[BlackElo "2750"]
[PlyCount "87"]
[EventDate "2018.05.12"]
[EventType "tourn"]
[EventRounds "9"]
[EventCountry "POL"]
[EventCategory "16"]
[SourceTitle "CBM 185"]
[Source "ChessBase"]
[SourceDate "2018.07.13"]
[SourceVersion "1"]
[SourceVersionDate "2018.07.13"]
[SourceQuality "1"]

1. e4 e5 2. Nf3 Nc6 3. Bb5 a6 4. Ba4 Nf6 5. O-O Be7 6. Re1 b5 7. Bb3 d6 8. c3
O-O 9. h3 Re8 10. Ng5 Rf8 11. Nf3 Re8 12. d4 Bb7 13. Ng5 Rf8 14. Nf3 Re8 15.
Nbd2 Bf8 16. a3 h6 17. d5 Nb8 18. Nh2 Nbd7 19. Ng4 c6 20. dxc6 Bxc6 21. Qf3 Nc5
22. Ba2 Ra7 23. b4 Nxg4 24. hxg4 Na4 25. Nf1 Rd7 26. g5 hxg5 27. Qh5 d5 28.
Bxg5 g6 29. Qg4 Be7 30. Bxe7 Qxe7 31. Ne3 Nb6 32. Rad1 Red8 33. exd5 Nxd5 34.
Qe4 Qe6 35. Ng4 Ba8 36. Nxe5 Rd6 37. Qh4 Qf5 38. Ng4 Kg7 39. Qh6+ Kg8 40. Rd4
Qh5 41. Bxd5 Bxd5 42. Qf4 Kg7 43. Re5 Qh4 44. Re3 1-0

[Event "POL-ch"]
[Site "Warsaw"]
[Date "2018.05.20"]
[Round "9"]
[White "Mista, Aleksander"]
[Black "Piorun, Kacper"]
[Result "1-0"]
[WhiteElo "2590"]
[BlackElo "2633"]
[Annotator "Sadorra,J"]
[PlyCount "101"]
[EventDate "2018.05.12"]
[EventType "tourn"]
[EventRounds "9"]
[EventCountry "POL"]
[EventCategory "16"]
[SourceTitle "CBM 185"]
[Source "ChessBase"]
[SourceDate "2018.07.13"]
[SourceVersion "1"]
[SourceVersionDate "2018.07.13"]
[SourceQuality "1"]

1. e4 e5 2. Nf3 Nc6 3. Bb5 a6 4. Ba4 d6 {This Deferred Steinitz Variation of
the Ruy Lopez has become quite popular due to the double-edged, King's
Indian-like middlegames that it gives rise to.} 5. O-O Bd7 6. d4 ({The more
common move here is} 6. c3 {which leads to standard Ruy Lopez structures:} g6
7. d4 Bg7 {and there's plenty of possibities for both sides that have been
tested in GM practice.}) 6... exd4 7. Bxc6 bxc6 $6 ({A better way to fight for
equality is} 7... Bxc6 8. Nxd4 Be7 {[%cal Ge7f6,Gg8e7] planning to achieve a
harmonious piece placement.} (8... Nf6 $6 9. Nxc6 bxc6 10. Qf3 Qd7 11. Re1 $14
{[%cal Re4e5] Black cannot do anything to stop the central pawn break.} Ng4 12.
h3 Ne5 13. Qc3 {[%cal Rf2f4]}) 9. Nxc6 bxc6 10. Qf3 Qd7 11. Bf4 Nf6 $1 (11...
Bf6 {Looks like a logical and solid move but White has a way to give Black
problems before he completes development:} 12. e5 $1 dxe5 (12... Bxe5 13. Bxe5
dxe5 14. Re1 f6 15. Qb3 $1 Ne7 16. Nc3 Rd8 17. Rad1 Nd5 18. Qc4 $1 {[%csl Ra6,
Rc5,Rc6][%cal Gc3e4,Ge4c5] with more than enough compensation for the pawn.} (
18. Ne4 Qc8)) 13. Re1 Ne7 14. Bxe5 Bxe5 15. Rxe5 O-O 16. Nc3 {1-0 (56) Karthik,
V (2475)-Nitish,B (2309) Mumbai 2018, with a long-term advantage which White
eventually converted.}) 12. Nc3 (12. e5 Nd5 13. Bg3 O-O 14. c4 Nb6 15. exd6 (
15. Nd2 dxe5) (15. b3 f5 $1) 15... cxd6 16. Nd2 Na4 (16... d5 $5) 17. b3 Nc5
18. Rad1 Rad8 {and Black can probably hold this slightly worse position.})
12... Qg4 $1 13. Qxg4 Nxg4 14. h3 (14. f3 Nf6 15. e5 Nh5) 14... Nf6 15. e5 Nh5
$1 16. Bh2 dxe5 17. Bxe5 O-O-O {[%cal Ge7d6] Black has good holding chances in
this ending.}) 8. Qxd4 c5 9. Qd3 $1 Ne7 $146 {Black plans to develop the N to
g6/c6 first before developing his B. Unfortunately, it's also not enough to
minimise White's advantage.} ({Once again, normal development allows White to
increase his advantage with the pawn break:} 9... Nf6 10. Re1 Be6 (10... Be7
11. Nc3 O-O 12. e5 $16) 11. Nc3 Be7 {1/2-1/2 (70) Predke,A (2566)-Safarli,E 
(2668) Minsk 2017} 12. Bf4 (12. b3 $5 O-O 13. Bb2 $14) 12... O-O 13. Rad1 $14 {
[%cal Gc3d5,Ge4e5]}) 10. Re1 (10. Nc3 Ng6 11. b3 (11. Bd2 $1 Be7 12. Nd5 O-O
13. Ba5 Rc8 14. b3 $14) 11... Be7 12. Nd5 O-O $6 (12... Bf6 $142 $1 13. Rb1 O-O
14. Nxf6+ (14. Re1) 14... Qxf6 15. Bb2 Qf4 (15... Qe6 16. Qc3 f6 17. Nd2) 16.
Rfe1 Rae8 $11) 13. Bb2 f6 14. Nd2 Rf7 15. f4 f5 16. Rae1 Be6 17. Nxe7+ Nxe7 18.
e5 $1 $16 {1-0 (32) Georgiadis,I (2438)-Halkias,S (2564) Katakolo 2009}) (10.
b3 $5 $146 {is a plan worth trying in the future.} Ng6 (10... Nc6 11. Bb2 f6
12. Nc3 Be7 13. Qc4 Qc8 14. Nd5 $1 Bd8 15. Nh4 $40) 11. Bb2 Bc6 12. Nc3 Be7 13.
Nd5 O-O 14. Qc3 f6 15. Nd2 $14 {[%cal Gf2f4]}) 10... f6 $2 {While this is a
typical idea in early d4 Deferred Steinitz lines, it is too slow and a little
too weakening here.} (10... Nc6 11. Nc3 Be7 12. e5 $1) ({The best way to
develop is} 10... Ng6 11. Qc3 $5 {making it hard for Black to develop and
preparing e4-e5.} ({Here, the pawn break is premature:} 11. e5 $6 dxe5 12. Nxe5
Nxe5 13. Rxe5+ Be6 14. Qf3 Rb8 15. Nc3 (15. b3 Bd6 16. Re1 O-O $11) 15... Bd6
16. Re2 O-O $11 {Black's bishop pair in the open position compensates for his
weak pawns.}) (11. Nc3 Be7 12. Bd2 O-O 13. Nd5 Bf6 $14 {But Black can still
try to hold.}) 11... f6 12. b3 Be7 13. Nbd2 (13. Qc4 Qc8 14. Nc3 Be6 15. Qd3 (
15. Nd5 Bd8 $1) 15... O-O 16. Bb2 Ne5 17. Qe3 $14 {[%cal Gf3d2,Gf2f4]}) 13...
O-O 14. Bb2 Qe8 {[%cal Ge8f7] White has an edge due to his space but Black is
still solid.}) 11. Nc3 g6 {The logical follow-up.} (11... Nc6 12. Nd5 Be7 (
12... g6 13. Qc4 Bg7 14. Bd2 $16 {Black has a difficult time getting his king
to safety.}) 13. Nh4 $1 {White's pieces are invading quickly!}) 12. Nd5 $6 (12.
Qc4 $1 Bg7 13. a3 $1 {Planning to open up lines before Black can make castling
work.} Qc8 {[%cal Gd7e6]} 14. b4 cxb4 (14... Be6 15. Nd5 $1 cxb4 16. Nxc7+ $18)
15. axb4 Be6 16. Nd5 Kf7 17. Bb2 c6 18. Ng5+ $1 fxg5 19. Bxg7 Kxg7 20. Qc3+ $1
$18 Kh6 21. Nxe7 Qd7 22. Nxc6 Rhc8 23. b5 axb5 24. Rxa8 Rxa8 25. Nd4 $18) ({
The best analyst recommends} 12. e5 {as best, but any human can be forgiven
for not playing it as it requires an accurate follow-up. Anyway, here are some
sample supporting lines:} dxe5 (12... fxe5 13. Bg5 Bg7 (13... Bc6 14. Bf6 Rg8
15. Rad1 $18) 14. Nd5) 13. Bg5 $3 {This has to be foreseen before playing
e5-e5 ofcourse} Bg7 (13... fxg5 14. Nxe5 Bg7 15. Qc4 Bxe5 16. Rxe5 Bb5 17. Qe4
$18) 14. Rad1 Be6 15. Qe3 Qc8 16. Qxc5 $1 fxg5 17. Nxe5 $40 {with an
overwhelming and decisive attack.}) 12... Bg7 13. Bf4 Be6 14. c3 $6 {White
again misses yet another chance to give Black concrete problems before he gets
his king to safety.} (14. b4 $1 cxb4 15. Nd4 Bxd5 (15... Bd7 16. Qc4 {[%csl
Rc6,Rc7,Re6,Re8] the point.} Nxd5 17. exd5+ Kf7 18. Ne6 Bxe6 19. dxe6+ Ke7 {
Many moves will win here e.g.} 20. a3 bxa3 21. Rxa3 Re8 22. Rh3 h5 {[%csl Rc7,
Re7,Rg6]} 23. Qe4 f5 24. Bg5+) 16. exd5 Kf7 17. Ne6 Qd7 18. a3 $1 (18. Qh3 $5
h5 19. a3) (18. Rac1 $1 {[%csl Rc7][%cal Gc2c3,Rc1c7]} c6 $2 19. dxc6 Nxc6 20.
Ng5+ fxg5 21. Qd5+ Kf8 22. Bxd6+ $18) 18... bxa3 19. Rxa3 $40) 14... O-O 15. b4
{White finally takes action to undermine Black's weak structure.} cxb4 {
A natural reaction, showing that Black is willing to play passively in the
ensuing positions.} ({Black should have sought some dynamic counterplay with} 
15... g5 $5 16. Bg3 (16. Nxe7+ Qxe7 17. Bg3 h6 $1 18. bxc5 dxc5 $132 {[%cal
Ge7f7,Gf6f5]}) (16. Be3 c6 17. Nxe7+ Qxe7 18. bxc5 dxc5 19. Nd2 (19. a4 Bf7 20.
Rab1 Rfe8 21. Nd2 c4 $1 $132) 19... Bf7 20. f3 Rfe8 21. Qe2 {[%cal Re2f2]} Bf8
22. Qf2 Rab8 $132 {[%cal Gb8b5,Gb5a5,Gb8b2]}) 16... Bxd5 $1 17. exd5 g4 18. Nh4
(18. Nd2 cxb4 19. cxb4 f5 20. Rac1 Ng6 $132) 18... f5 19. Bf4 Bf6 $1 20. g3 (
20. Nxf5 Nxf5 21. Qxf5 Bxc3 22. Qxg4+ Kh8 23. Bg5 Qc8 $1 24. Qh4 Bxa1 (24...
Qf5 $5) 25. Rxa1 Qf5 {and it's White who has to be more careful to hold the
balance.}) 20... cxb4) 16. cxb4 $14 Bf7 ({It's difficult to judge during the
game if taking on d5 first is more beneficial for Black.} 16... Nxd5 17. exd5
Bf7 {[%csl Rc7,Rd5]} 18. Rac1 (18. Nd4 Bxd5 19. Nc6 Bxc6 20. Qc4+ Rf7 21. Qxc6
Rb8 $11) 18... Qd7 19. a3 $1 {transposes to the game.}) 17. Rac1 (17. Ne3 Nc6
$1 18. a3 (18. Qc3 Ne5) 18... Ne5 $132) 17... Nxd5 18. exd5 Qd7 19. a3 Rfe8 (
19... Rfb8 20. Rc6 Rb5 21. Qc2 (21. Rec1 Rxd5 22. Qf1 $1 $14) 21... Rb7 22. Rd1
$14 {[%csl Ra6,Rc7]}) 20. Rxe8+ Rxe8 21. h3 g5 22. Be3 h5 {Black now tries to
stir up counterplay on the kingside, unfortunately it might already be too
late...} 23. Qc4 $2 {This overly cautious move allows Black to obtain real
counterplay and equalising chances.} ({White should've tested Black's idea with
} 23. Rc6 $1 g4 24. hxg4 hxg4 25. Nh4 {[%csl Rf5]} Re5 {[%csl Rd5]} 26. Qc2 $1
{Now what?} g3 (26... Bxd5 27. Rxc7 $18) (26... Rxd5 27. Rxc7 Qe6 28. Ng6 $40)
27. Rxc7 Qg4 28. Nf3 Rh5 29. Rc8+ Bf8 30. fxg3 {Black has nothing real going
on against the White king.} Bxd5 31. Bf4 $18) 23... g4 24. hxg4 hxg4 25. Nd4 (
25. Nh4 Re5 {[%cal Re5h5,Rh5h4]} 26. Qxa6 Rh5 27. g3 Bxd5 $132 {[%csl Rg1]})
25... f5 (25... g3 $5) 26. Ne6 Bxe6 27. dxe6 Qxe6 $1 (27... Rxe6 $2 28. Qd5 $1
Qf7 29. Rxc7) 28. Qxe6+ Rxe6 29. Rxc7 Be5 $6 {A step in the wrong direction.} (
{Black could've played more energetically with} 29... Re4 $5 30. g3 (30. Rc6 f4
31. Bd2 Rd4) 30... Bb2 $2 (30... Be5 $1 31. Kg2 d5 32. Rd7 d4 $132) 31. Ra7
Bxa3 32. b5 $1) ({Or} 29... Bb2 $1 30. Ra7 (30. a4 g3 $1 (30... Re4 31. b5 axb5
32. axb5 Rb4 33. b6 Be5 34. g3 $14 {Black still has to play carefully here.})
31. Kf1 Re4 32. b5 (32. Bd2 gxf2 33. Kxf2 a5 34. bxa5 Rxa4 $11) 32... f4 33.
Bd2 Rxa4 34. b6 Ra1+ 35. Ke2 gxf2 36. Kxf2 Bd4+ $11) 30... d5 31. Rd7 d4 32.
Bxd4 Bxa3 $11) 30. Rc6 {In this complex ending, engines will often say it's
equal but it's generally easier to play White/ more difficult for Black due to
White's outside passed pawn. Reaching an objective evaluation and deeply
examining the subtleties in every position is impossible therefore I will
simply sprinkle the rest of the game with important ideas as also pointed out
by the best analyst in the world.} (30. Kf1 f4 31. Bd2 f3 32. Rc4 Rg6 33. Rc6
$14) (30. a4 $5 d5 31. Rd7 Bd6 32. b5 axb5 33. axb5 f4 34. Bd4) 30... f4 31.
Bd2 g3 32. Kf1 Bd4 (32... Rh6 $142 $1 33. fxg3 (33. Ke2 $4 f3+ $1 {this in an
important small tactic to spot!} 34. gxf3 (34. Kxf3 Rf6+ 35. Ke2 Rxf2+ $17)
34... g2 35. Rc1 Rh1) 33... Rh1+ 34. Ke2 fxg3 35. Rxa6 Rg1 36. Kf3 Rf1+ 37. Kg4
Rf2 38. Be3 Rxg2 39. Bf4 $11) 33. fxg3 fxg3 34. Be1 (34. Rxa6 $142 Rf6+ 35. Ke1
$1 Rf2 36. Rxd6) 34... Rf6+ (34... Be5 $1 {A difficult, quiet move to play
during the game. Here's the main idea in its basic form:} 35. Rxa6 Rh6 36. b5 (
36. Ke2 Rh1 37. Bd2 Rg1 38. Kf3 Rf1+ 39. Kg4 Rf2 $11) (36. Bd2 Rf6+ 37. Ke1 Rf2
38. b5 Rxg2 39. b6 Rg1+ 40. Ke2 Rb1 41. Be3 Kf7 42. Ra4 Rb2+ 43. Kf3 Rb3 $11)
36... Rh1+ 37. Ke2 Rg1 {[%csl Re1,Rg2]} 38. b6 Rxg2+ 39. Kf3 Rb2 {Black is in
time to hold White's passed pawns.} 40. a4 Rb3+ 41. Kg2 (41. Kg4 $2 g2 42. Bf2
Kf7 43. a5 Rg3+) 41... Rb2+ 42. Kf3 Rb3+ $11) 35. Ke2 Re6+ (35... Be5 36. Rxa6
Rh6 37. b5 Rh1 38. b6 Rg1 39. b7 {Black is now too late.}) 36. Kd1 {Black has
run out for active ideas and has to settle for defending his remaining weak
pawns which is equivalent to capitulation.} Be5 37. Rxa6 Re7 38. b5 {White is
simply winning as there is no stopping White's passed pawns from marching down
the board.} Kf7 39. a4 Ke6 40. Rc6 Rb7 41. Rc4 Rb8 42. Rg4 Kf5 43. Rb4 Ke6 44.
a5 Kd5 45. a6 Kc5 46. a7 Ra8 47. b6 d5 48. Rb3 Kc6 49. Bxg3 {Converting to a
winning rook ending.} Bxg3 50. Rxg3 Kxb6 51. Ra3 {Seeing the king ending is
also lost, Black finally resigned.} 1-0